000
00316nam a22001457a 4500
008
230320b ||||| |||| 00| 0 eng d
020
_a
1931017042
041
_a
eng
080
_a
616.31
082
_a
616.31MIT
100
_a
12
101
_a
STOMA
245
_a
DENTAL INSTRUMENTS
_c
MITCHELL M
942
_2
udc
_c
BK
999
_c
59400
_d
59400